<?xml version="1.0" encoding="utf-8"?>
<?xml-stylesheet type='text/xsl' href='./oai2.xsl'?>
<OAI-PMH xmlns="http://www.openarchives.org/OAI/2.0/" xmlns:xsi="http://www.w3.org/2001/XMLSchema-instance" xsi:schemaLocation="http://www.openarchives.org/OAI/2.0/ http://www.openarchives.org/OAI/2.0/OAI-PMH.xsd">
  <responseDate>2026-06-07T02:01:33Z</responseDate>
  <request verb="GetRecord" metadataPrefix="marcxml" identifier="record_kuniweb_23470">https://kulturerbe.niedersachsen.de/oai</request>
  <GetRecord>
    <record>
      <header>
        <identifier>record_kuniweb_23470</identifier>
        <datestamp>2026-03-31T19:09:18Z</datestamp>
        <setSpec>slg0116</setSpec>
      </header>
      <metadata>
        <marc:record xmlns:marc="http://www.loc.gov/MARC21/slim" xsi:schemaLocation="http://www.loc.gov/MARC21/slim http://www.loc.gov/standards/marcxml/schema/MARC21slim.xsd">
          <marc:leader>12345nrm  22     uu 4500</marc:leader>
          <marc:controlfield tag="001">23470</marc:controlfield>
          <marc:controlfield tag="003">http://kuniweb.gbv.de</marc:controlfield>
          <marc:controlfield tag="005">2024-10-08T12:24:06</marc:controlfield>
          <marc:controlfield tag="008">|           ||||||||||||||||||||||</marc:controlfield>
          <marc:datafield tag="245" ind1="1" ind2="0">
            <marc:subfield code="a">Ofenplatte, Darstellung: Judith mit dem Haupt des Holofernes und Belagerung der Stadt Betulia</marc:subfield>
          </marc:datafield>
          <marc:datafield tag="655" ind1=" " ind2="7">
            <marc:subfield code="a">Alltagskultur</marc:subfield>
          </marc:datafield>
          <marc:datafield tag="046" ind1=" " ind2=" ">
            <marc:subfield code="k">1564</marc:subfield>
            <marc:subfield code="k">ca. 1564 - ca. 1612</marc:subfield>
            <marc:subfield code="l">1612</marc:subfield>
          </marc:datafield>
          <marc:datafield tag="260" ind1=" " ind2=" ">
            <marc:subfield code="g">1564</marc:subfield>
            <marc:subfield code="g">1612</marc:subfield>
            <marc:subfield code="g">ca. 1564 - ca. 1612</marc:subfield>
          </marc:datafield>
          <marc:datafield tag="300" ind1=" " ind2=" ">
            <marc:subfield code="a">Höhe: 69 cm
Breite: 86 cm</marc:subfield>
          </marc:datafield>
          <marc:datafield tag="520" ind1=" " ind2=" ">
            <marc:subfield code="a">Ofenplatte, zum Einbau in die Stirnseite eines "Bileggers" (Zimmerofen). Die Platte zeigt im Vordergrund links in einem  Zelt des Feldlagers Judith mit Schwert, die gerade den Holofernes enthauptet hat (Altes Testament, Buch Judit (Apokryphen). Neben ihr steht eine Dienerin. Beide sind in Renaissance Gewänder gekleidet. Der kopflose Körper des Holofernes liegt hinter ihnen auf einem Bett. In der rechten Bildhälfte wird die Belagerung der Stadt Betulia mit Waffen des 16. Jh. dargestellt. Unter dem Bild Inschrift 2, darunter in einem Schriftblock (Inschrift 1)  die Moral der Geschichte nach dem Neuen Testament (Timotheus 1. Kap. V. 4).
(Abguss eines beschädigten Models?)
 (Stadtmuseum Einbeck)

Inschrift:
1. DIE GOTTSELIGKEIT IST ZU ALLEN DINGEN NUTZ UND HAT DIE VERHEISSUNG DIESES UND DES ZUKÜNFTIGEN LEBENS : I TIMOT. 4 2. GOTT SEDNET DURCH JUDIT HULFFE DER STATT DEN HOLOFER .EM SE UBERWUNDEN HAT JUDIT (1. Schriftblock zwischen Renaissance-Beschlagwerk am unteren Rand der Platte 2. einzeiliges Schriftband am unteren Rand der Bilddarstellung)</marc:subfield>
          </marc:datafield>
          <marc:datafield tag="650" ind1="1" ind2=" ">
            <marc:subfield code="a">Wärmeerzeuger &gt; Heizung &gt; Ofenplatte</marc:subfield>
          </marc:datafield>
          <marc:datafield tag="650" ind1="1" ind2=" ">
            <marc:subfield code="a">Zimmeröfen</marc:subfield>
          </marc:datafield>
          <marc:datafield tag="773" ind1="0" ind2=" ">
            <marc:subfield code="t">Sammlung Feuer und Licht</marc:subfield>
          </marc:datafield>
          <marc:datafield tag="852" ind1=" " ind2=" ">
            <marc:subfield code="a">Stadtmuseum Einbeck</marc:subfield>
          </marc:datafield>
          <marc:datafield tag="" ind1=" " ind2=" ">
            <marc:subfield code="a">Namensnennung - Weitergabe unter gleichen Bedingungen 4.0 International (CC BY-SA 4.0)</marc:subfield>
          </marc:datafield>
        </marc:record>
      </metadata>
    </record>
  </GetRecord>
</OAI-PMH>
